000 00632nam a2200205Ia 4500
003 OSt
005 20251003115146.0
008 210210b2006 xxu||||| |||| 00| 0 eng d
040 _cAL
041 _aeng
082 _aS891.8E BHAC
100 _aBhat G N
_9241292
245 _aConcept of beauty : in the light of cosmetics and perfumes
_b: Sanskrit sources : modern relevance
260 _aMangalore
_bCenter for Inter-disciplinary Studies and Research in Sanskrit
_c2006
300 _aviii,66p
690 _aSanskrit Miscellaneous
_9241306
700 _aM Padmanabha Marathe Ed
_9241307
906 _a065500
942 _2ddc
_cBK
999 _c143009
_d143009